000 00658nam a22001697a 4500
003 SISC
005 20170523114205.0
008 170523b xxu||||| |||| 00| 0 eng d
020 _a9789719801740
050 _aPL 6051
_b.M35 2014
100 _aNuncio, Elizabeth Morales.
245 _aMakabagong filipino sa nagbabagong panahon :
_bbatayang aklat sa kapaki-kapakinabang na komunikasyon sa ika-21 siglo (Filipino 1) /
_cElizabeth Morales-Nuncio (and 4 others).
260 _aQuezon City :
_bC & E Publishing, Inc,
_c2014.
300 _axi, 264 pages :
_billustrations ;
_c21 cm.
500 _aIncludes bibliographical references and index.
942 _2lcc
_cBK
999 _c335169
_d335169